Diffusion, mass transfer in fluid systems / (Record no. 11872)

MARC details
000 -LEADER
fixed length control field 01019pam a2200265 a 4500
001 - CONTROL NUMBER
control field 932648
005 - DATE AND TIME OF LATEST TRANSACTION
control field 20060727220548.0
008 - FIXED-LENGTH DATA ELEMENTS--GENERAL INFORMATION
fixed length control field 830127s1984 enka b 001 0 eng
010 ## - LIBRARY OF CONGRESS CONTROL NUMBER
LC control number 83001905
020 ## - INTERNATIONAL STANDARD BOOK NUMBER
International Standard Book Number 052123171X
040 ## - CATALOGING SOURCE
Original cataloging agency DLC
Transcribing agency DLC
Modifying agency DLC
050 00 - LIBRARY OF CONGRESS CALL NUMBER
Classification number TP156.D47
Item number C878 1984
082 00 - DEWEY DECIMAL CLASSIFICATION NUMBER
Classification number 660.28423
Edition number 22
Item number CUS
100 1# - MAIN ENTRY--PERSONAL NAME
Personal name Cussler, E. L.
9 (RLIN) 6328
245 10 - TITLE STATEMENT
Title Diffusion, mass transfer in fluid systems /
Statement of responsibility, etc E.L. Cussler.
260 ## - PUBLICATION, DISTRIBUTION, ETC. (IMPRINT)
Place of publication, distribution, etc Cambridge [Cambridgeshire] ;
-- New York :
Name of publisher, distributor, etc Cambridge University Press,
Date of publication, distribution, etc 1984.
300 ## - PHYSICAL DESCRIPTION
Extent xii, 525 p. :
Other physical details ill. ;
Dimensions 24 cm.
504 ## - BIBLIOGRAPHY, ETC. NOTE
Bibliography, etc Includes bibliographies and indexes.
650 #0 - SUBJECT ADDED ENTRY--TOPICAL TERM
Topical term or geographic name as entry element Diffusion.
9 (RLIN) 6329
650 #0 - SUBJECT ADDED ENTRY--TOPICAL TERM
Topical term or geographic name as entry element Mass transfer.
9 (RLIN) 6330
650 #0 - SUBJECT ADDED ENTRY--TOPICAL TERM
Topical term or geographic name as entry element Fluids.
9 (RLIN) 6331
856 42 - ELECTRONIC LOCATION AND ACCESS
Materials specified Publisher description
Uniform Resource Identifier <a href="http://www.loc.gov/catdir/enhancements/fy0642/83001905-d.html">http://www.loc.gov/catdir/enhancements/fy0642/83001905-d.html</a>
942 ## - ADDED ENTRY ELEMENTS (KOHA)
Source of classification or shelving scheme Dewey Decimal Classification
Item type Book - Borrowing
Holdings
Withdrawn status Item status Source of classification or shelving scheme Damaged status Not for loan Vendor Home library Current library Shelving location Date acquired Source of acquisition Cost, normal purchase price Total Checkouts Full call number Barcode Date last seen Date last borrowed Koha item type
    Dewey Decimal Classification     Alef-Baa Central Library Central Library First floor 17/06/2009   150.00 1 660.28423 CUS 000016837 15/07/2025 26/10/2017 Book - Borrowing